Študijný program Ekonomická univerzita v Bratislave 2001/2002

Na minha lista:
Detalhes bibliográficos
Autor Corporativo: Ekonomická univerzita v Bratislave
Outros Autores: Kordošová, Elena
Formato: Livro
Idioma:eslovaco
Publicado em: Bratislava Vydavateľstvo Ekonóm 2001
Assuntos:
Tags: Adicionar Tag
Sem tags, seja o primeiro a adicionar uma tag!

MARC

LEADER 00000nam a2200000 4500
001 c127521
005 20230307092347.9
020 |a 80-225-1434-9 
041 0 |a slo 
044 |a SK 
245 1 0 |a Študijný program  |b Ekonomická univerzita v Bratislave 2001/2002  |c [zostavila: Elena Kordošová] 
264 1 |a Bratislava  |b Vydavateľstvo Ekonóm  |c 2001 
300 |a 34 s. 
610 2 0 |a programy študijné 
610 2 0 |a univerzity 
610 2 0 |a vzdelávanie vysokoškolské 
700 1 |a Kordošová, Elena 
710 2 |a Ekonomická univerzita v Bratislave